| 000 | 00000nam##2200000za#4500 |
| 001 | 9.617429 |
| 003 | CaOODSP |
| 005 | 20210615102155 |
| 007 | ta |
| 008 | 150406|2005||||xxc||||| f|0| 0 eng|d |
| 040 | |aCaOODSP|beng |
| 043 | |an-cn--- |
| 086 | 1 |aNH18-22/105-105E |
| 110 | 2 |aCanada Mortgage and Housing Corporation. |
| 245 | 10|aTesting the adhesion of air-barrier membranes in wall assemblies |
| 260 | |bCanada Mortgage and Housing Corporation |c2005. |
| 300 | |a3, [1]p. : |bgraph, photographs ; |c28 cm. |
| 490 | 1 |aResearch highlight. Technical series |v05-105 |
| 520 | 3 |aThese technical papers summarize a wide range of housing-related studies, reports, and manuals. They examine issues as diverse as low-maintenance northern landscaping; policy options for achieving healthy indoor air quality; and various aspects of building performance, including high-rise building envelope performance, performance of various building materials, and evaluations of district heating systems. |
| 563 | |aPamphlet |
| 590 | |a05-27|b2005-07-08 |
| 775 | 08|tMise à l'essai de l'adhésion des membranes pare-air dans les murs |w(CaOODSP)9.626970 |
| 776 | 0#|tTesting the adhesion of air-barrier membranes in wall assemblies |w(CaOODSP)9.581192 |
| 830 | #0|aResearch highlight. Technical series ;|v05-105|w(CaOODSP)9.514826 |